| 000 | 00587 a2200193 4500 | ||
|---|---|---|---|
| 003 | OSt | ||
| 005 | 20180116182859.0 | ||
| 008 | 160503b xxu||||| |||| 00| 0 eng d | ||
| 020 | _a8171694241 (hardcover) | ||
| 020 | _a9788171694242 (hardcover) | ||
| 040 | _c0 | ||
| 082 | _a658 TRI 1997 | ||
| 100 | _aP R. Trivech | ||
| 245 | 0 | 0 |
_aEngineering management. _cP R. Trivech |
| 260 |
_a[S.l.] : _bCommonwealth Publishers, _c1997. |
||
| 300 | _a1 v. (unpaged) | ||
| 856 | 4 | 0 |
_3Amazon.com _uhttp://www.amazon.com/exec/obidos/ASIN/8171694241/chopaconline-20 |
| 942 |
_aNBS _cBK _k658 TRI _2ddc |
||
| 999 |
_c347699 _d347699 |
||